Super Bowl Winners - Sudden Death - Statistics

General Stats
  • This quiz has been taken 37,348 times
  • The average score is 12 of 20
Answers on the Grid
Answers color-coded by a green-red scale on the quiz's grid according to % correct below.
Arizona Cardinals
Atlanta Falcons
Baltimore Ravens
Buffalo Bills
Carolina Panthers
Chicago Bears
Cincinnati Bengals
Cleveland Browns
Dallas Cowboys
Denver Broncos
Detroit Lions
Green Bay Packers
Houston Texans
Indianapolis Colts
Jacksonville Jaguars
Kansas City Chiefs
Las Vegas Raiders
Los Angeles Chargers
Los Angeles Rams
Miami Dolphins
Minnesota Vikings
New England Patriots
New Orleans Saints
New York Giants
New York Jets
Philadelphia Eagles
Pittsburgh Steelers
San Francisco 49ers
Seattle Seahawks
Tampa Bay Buccaneers
Tennessee Titans
Washington Commanders
 
Answer Stats
Answer % Correct
Dallas Cowboys
73%
Kansas City Chiefs
71%
New England Patriots
69%
Baltimore Ravens
67%
Green Bay Packers
67%
Philadelphia Eagles
67%
Denver Broncos
64%
San Francisco 49ers
64%
Pittsburgh Steelers
61%
New York Giants
60%
Chicago Bears
59%
Tampa Bay Buccaneers
59%
Los Angeles Rams
57%
Seattle Seahawks
57%
Indianapolis Colts
54%
Miami Dolphins
53%
New Orleans Saints
53%
New York Jets
46%
Las Vegas Raiders
44%
Washington Commanders
41%
No matching quizzes found
Score Distribution
Percent of People with Each Score
Percentile by Number Answered
Your Score History
You have not taken this quiz